000 00993nam0a22002771 4500
001 rc\416337
005 20250621080021.0
035 _a(NLR Aleph) 005664071
090 _a6903915
_c6903916
100 _a20030616d1987 |||y0rusy50 ca
101 0 _arus
102 _aRU
105 _ay |||||||||
200 1 _aГарантированные характеристики точности линейного оценивания, их свойства и применение
210 _aМ.
_cИКИ
_d1987
215 _a28 с.
_d29
225 1 _aАН СССР, Институт космических исследований
_vПр-1332
300 _aРез. на англ. яз.
320 _aБиблиогр.: с. 28
700 1 _4070
_7ca
_8rus
_aБахшиян
_bБ. Ц.
_f1944-2011
_gБорис Цолакович
_9241798
_3RU\NLR\AUTH\770241854
801 0 _aRU
_bNLR
_gpsbo
801 1 _aRU
_bELAR
_2rusmarc
852 _aNLR
_j88-8/1317
942 _cBOOK
980 _aNB